| 000 | 00740cam a22002653a 4500 | ||
|---|---|---|---|
| 001 | 24859 | ||
| 003 | PGUSA | ||
| 005 | 20140828083532.0 | ||
| 008 | 080317s2008||||xxu|||||s|||||000 1 eng d | ||
| 040 |
_aPGUSA _beng |
||
| 042 | _adc | ||
| 050 | 4 | _aPR | |
| 100 | 1 |
_aCollingwood, Harry, _d1851-1922 |
|
| 245 | 1 | 0 |
_aTurned Adrift _h[electronic resource] / _cHarry Collingwood |
| 260 |
_bProject Gutenberg, _c2008 |
||
| 506 | _aPublic domain in the USA. | ||
| 516 | _aElectronic text | ||
| 653 | _aShipwreck survival -- Fiction | ||
| 653 | _aMutiny -- Fiction | ||
| 653 | _aOceania -- Fiction | ||
| 700 | 1 | _aHodgson, Edward S. | |
| 830 | 0 |
_aProject Gutenberg _v24859 |
|
| 856 | 4 | 0 | _uhttp://www.gutenberg.org/ebooks/24859 |
| 942 | _cEB | ||
| 999 |
_c254114 _d254114 |
||